000 00897nam a2200241 a 4500
005 20200104041548.0
008 140123b2000 ck ||||| |||| 00| 0 spa d
041 _aspa
090 _aIAvH
_b00311
110 _bInstituto de Investigación de Recursos Biológicos Alexander von Humboldt
_bUnidad de Producción Audiovisual
_92830
245 _aCaracterización de la biodiversidad en el Parque Nacional Natural Tamá
260 _aBogotá
_bInstituto Alexander von Humboldt
_c2000
300 _a13 min.
650 _aBiodiversidad
_992204
650 _aAreas protegidas
_978
650 _aParques nacionales naturales
_92784
650 _aInventarios
_992201
650 _aCaracterización biológica
_92833
662 _aColombia
_cParque Nacional Natural Tamá
_bNorte de Santander
662 _aColombia
_cCordillera Oriental
_bNorte de Santander
942 _cCD-ROM
_2z
945 _d2004-11-03
999 _c4238
_d4238